00633nam a2200217Ia 4500003000400000005001700004008004100021020001800062040001800080041000800098082002500106100001700131245004300148250001200191260006600203300002900269650000900298651003600307651003600343651003600379OSt20230726110433.0210716s2013 xx 000 0 und d a9780070435063 cAIMIT LIBRARY aeng a343.540999 21bSOOV aSood, Vivek. aCyber law simplified /cBy Vivek Sood. a1st ed. aNew Delhi :bTata McGraw Hill Publishing Company Ltd ,c2013. axxv,598p. ;bPBc23.3 cm aNone aContracts in the infotech world aContracts in the infotech world aJurisdiction in the cyber world